Adrien Brody Filmography - Statistics

General Stats
  • This quiz has been taken 247 times
    7 since last reset
  • The average score is 14 of 107
Answer Stats
Type Year Name % Correct
Film 2024 The Brutalist
100%
Film 2002 The Pianist
100%
Film 2023 Asteroid City
75%
Film 2009 Fantastic Mr. Fox
75%
Film 2007 The Darjeeling Limited
75%
Film 2014 The Grand Budapest Hotel
75%
Film 1998 The Thin Red Line
75%
Film 2011 Midnight in Paris
50%
TV Show 2017 Peaky Blinders
50%
TV Show 2003 Saturday Night Live
50%
Film 2008 The Brothers Bloom
50%
Film 2021 The French Dispatch
50%
Film 2014 American Heist
25%
Film 2015 Backtrack
25%
Film 1996 Bullet
25%
Film 2017 Bullet Head
25%
Film 2008 Cadillac Records
25%
Film 2020 Clean
25%
Film 2011 Detachment
25%
Film 2002 Dummy
25%
Film 2010 High School
25%
Film 2005 King Kong
25%
Film 1993 King of the Hill
25%
Film 2001 Love the Hard Way
25%
Film 2023 Manodrome
25%
Video Game 2005 Peter Jackson's King Kong: The Official Game of the Movie
25%
Web Series 2023 Poker Face
25%
Film 2010 Predators
25%
Film 2009 Splice
25%
Film 1999 Summer of Sam
25%
Theater 2024, 2026 The Fear of 13
25%
Film 2004 The Village
25%
Film 2011 Wrecked
25%
TV Special 2007 AFI Life Achievement Award: A Tribute to Al Pacino
0%
TV Special 2019 AFI Life Achievement Award: A Tribute to Denzel Washington
0%
TV Special 2018 AFI Life Achievement Award: A Tribute to George Clooney
0%
TV Special 2004 AFI Life Achievement Award: A Tribute to Meryl Streep
0%
Film 2018 Air Strike
0%
Film 1994 Angels in the Outfield
0%
TV Show 1988 Annie McGuire
0%
Music Video 2002 A Sorta Fairytale
0%
Film 2012 Back to 1942
0%
Film 2022 Blonde
0%
Short Film 2015 Boredom
0%
Film 2000 Bread and Roses
0%
Documentary Series 2015 Breakthrough
0%
Music Video 2010 Brodyquest
0%
TV Pilot 1996 Bullet Hearts
0%
TV Show 2021 Chapelwaite
0%
Commercial Early 1990s, 2004 Coca-Cola
0%
Music Video 2024 Dejame Entrar
0%
TV Show 2016 Dice
0%
Commercial 2015 Dodge
0%
Film 2015 Dragon Blade
0%
TV Show 2013 Driven to Extremes
0%
Short Documentary 2015 El Greco, an Artist's Odyssey
0%
Film 2027 Emperor
0%
Film TBA Evel Knievel on Tour
0%
Music Video 2006 Fade to Red
0%
Film 2023 Fool's Paradise
0%
Film 2023 Ghosted
0%
Film 2009 Giallo
0%
Commercial 2012 Gillette Fusion ProGlide
0%
TV Show 2025 Great Performances
0%
Documentary 2005 Gumball 3000: 6 Days in May
0%
Film 2001 Harrison's Flowers
0%
Film 2006 Hollywoodland
0%
TV Film 1988 Home at Last
0%
TV Mini-Series 2014 Houdini
0%
Documentary 2019 Humans of Our World: The Journey
0%
Film 2013 inAPPropriate Comedy
0%
Commercial 2025 Kismet
0%
Film 1999 Liberty Heights
0%
Documentary 2012 Love, Marilyn
0%
Film 2016 Manhattan Night
0%
Film 2007 Manolete
0%
Film 1989 New York Stories
0%
Film 1999 Oxygen
0%
TV Show 2005 Punk'd
0%
TV Show 1994 Rebel Highway
0%
TV Show 2007 Reel Comedy
0%
Film 1998 Restaurant
0%
Film 2022 See How They Run
0%
Film 2015 Septembers of Shiraz
0%
Film 1997 Six Ways to Sunday
0%
Film 1996 Solo
0%
TV Show 1999 Split Screen
0%
Commercial 2011 Stella Artois
0%
Director 2015 Stone Barn Castle
0%
TV Show 2021 Succession
0%
Film 1998 Ten Benny
0%
TV Special 2012 The 6th Annual CNN Heroes: An All-Star Tribute
0%
Film 2001 The Affair of the Necklace
0%
Film 1991 The Boy Who Cried B***h
0%
Film 2010 The Experiment
0%
Short Documentary 2025 The Intern
0%
Film 2005 The Jacket
0%
Film 1997 The Last Time I Committed Suicide
0%
Short Film 2015 The Library Book
0%
Short Film 2015 The Mascot
0%
Film 2003 The Singing Detective
0%
Short Documentary 2007 The Tehuacan Project
0%
Film 1997 The Undertaker's Wedding
0%
Film 2013 Third Person
0%
TV Show 2005 Total Request Live
0%
Documentary 2018 Who Will Write Our History
0%
TV Show 2022-2023 Winning Time: The Rise of the Lakers Dynasty
0%
No matching quizzes found
Score Distribution
Percent of People with Each Score
Percentile by Number Answered
Your Score History
You have not taken this quiz since the last reset